Responses for Show #1362 - Tuesday, July 3, 1990

Contestants

John Patlan, a social worker from Austin, Texas

Joyce Patterson, a homemaker from Hackettstown, New Jersey

Jim McManus, a corporate trust administrator from Richmond, Virginia

[next game >>]

Jeopardy! Round responses

POT LUCK
FAMOUS QUOTES
THE GRAMMY AWARDS
HISTORY
ARKANSAS
GRAVE MATTERS
    $100 11
(John: What is a safe room?)

darkroom

John
Triple Stumper
    $100 22
"Pop Goes the Weasel"

Jim
    $100 1
Sam Ervin

Jim
    $100 3
China

Jim
    $100 12
Ozarks

John
    $100 17
Edison

John
    $200 27
zero population growth

Jim
    $800 23
(Jim: What is something borrowed, something blue? Something old, new?...[*])

something old, something new, something borrowed, something blue

Jim
    $200 2
(Jim: What is Country?)

Inspiration

JimJohn
    $200 7
Australia

Jim
    $200 13
Razorbacks

Joyce
    $200 18
Guy Lombardo

John
    $300 28
demagogue

Triple Stumper
    $300 24
John Henry

Jim
    $300 4
(John: Who is Eddie Murphy?)

Richard Pryor

John
Triple Stumper
    $300 8
(John: Who is Genghis Khan?)

Tamerlane

JoyceJohn
    $300 14
Walmart

John
    $300 19
Stephen Foster

Joyce
    $400 29
[The end-of-round signal sounds.]

capo

Triple Stumper
    $400 25
typing skill

Joyce
    $400 5
Peter Gunn

Jim
    $400 9
Cornwallis

Joyce
    $400 15
People Reign (Rule)

John
    $400 20
Jack Kerouac

John
    $500 26
(Alex: You are right and we have less than a minute to go in the round.)

Waiting for Godot

Jim
    $500 6
Chet Atkins

John
    $500 10
Byzantine

John
    $500 16
Fort Smith

John
    $500 21
Calamity Jane

Jim

Scores at the first commercial break (after clue 13):

Jim Joyce John
$600 $900 $600

Scores at the end of the Jeopardy! Round:

Jim Joyce John
$3,000 $1,600 $2,500

Double Jeopardy! Round responses

AMERICAN LITERATURE
RULERS
ARCHITECTURE
BIBLICAL LAW
POTENT POTABLES
THE SUN & THE MOON
    $200 8
Erle Stanley Gardner

Jim
    $200 1
(Jim: Who is Lenin?)

Stalin

JoyceJohn
    $200 6
Great Wall

John
    $200 22
stone

Joyce
    $200 15
Cutty Sark

John
    $200 20
rainbow

John
    $400 9
Katherine Anne Porter

Joyce
    $400 2
William the Conqueror

John
    $400 7
bay window

Jim
    $400 23
eat them

John
    $400 16
coffee

John
    $400 21
green cheese

Jim
    $600 10
(Arthur) Schlesinger

John
    $600 3
(John: What is Poland?)

Romania

John
Triple Stumper
    $1,000 12
Corinthian

John
    $600 24
usury

Jim
    $600 17
Seagram's

John
    $600 25
(Alex: [before he reads the clue] With less than a minute to go in the round.)

twilight time

Jim
    $800 11
John O'Hara

Triple Stumper
    $800 4
George VI

John
    $800 13
(Buckminster) Fuller

John
    $800 18
vodka

Jim
    $1,500 27
(Jim: What is uranium?)
...
[The end-of-round signal sounds.]

helium

Jim
    $1000 26
Shirley Jackson

Jim
    $1000 5
(John: What is Germany?)

Norway

John
Triple Stumper
    $1000 14
Le Corbusier

Triple Stumper
    $1000 19
Canada

John

Scores at the end of the Double Jeopardy! Round:

Jim Joyce John
$5,500 $2,000 $7,700

[wagering suggestions for these scores]

Final Jeopardy! Round responses

WOMEN
JoyceWho is Marie Curie Curie?
$2,000
JimWho is Marie Curie?
$5,000
JohnWho is Mme. Curie
$3,301
Marie Curie

Final scores:

Jim Joyce John
$10,500 $4,000 $11,001
2nd place: Jean d'Eve watch & Michael C. Fina tea & coffee service + Jeopardy! home game or Jeopardy! Challenger 3rd place: RoyalSwiss garden furniture + Jeopardy! home game or Jeopardy! Challenger New champion: $11,001

Game dynamics:

Coryat scores:

Jim Joyce John
$6,400 $2,000 $7,300
17 R
(including 1 DD),
2 W
(including 1 DD)
7 R,
1 W
23 R
(including 1 DD),
5 W

Combined Coryat: $15,700

[game clues] [game scores] [suggest correction]

Game tape date: 1990-02-13
The J! Archive is created by fans, for fans. Scraping, republication, monetization, and malicious use prohibited; this site may use cookies and collect identifying information. See terms. The Jeopardy! game show and all elements thereof, including but not limited to copyright and trademark thereto, are the property of Jeopardy Productions, Inc. and are protected under law. This website is not affiliated with, sponsored by, or operated by Jeopardy Productions, Inc. Join the discussion at JBoard.tv.